Statistics for Switzerland World Cup 2022 Squad

Click here to take the quiz!

General Stats

  • This quiz has been taken 8 times
  • The average score is 19 of 26

Answer Stats

PositionClubPlayer% Correct
FWAS MonacoBreel Embolo
100%
MFEintracht FrankfurtDjibril Sow
100%
DFNewcastle UnitedFabian Schar
100%
MFArsenalGranit Xhaka
100%
GKBorussia DortmundGregor Kobel
100%
FWGalatasarayHaris Seferovic
100%
DFManchester CityManuel Akanji
100%
MFChicago FireXherdan Shaqiri
100%
GKBorussia MonchengladbachYann Sommer
100%
MFChelseaDenis Zakaria
88%
DFBorussia MonchengladbachNico Elvedi
88%
MFNottingham ForestRemo Freuler
88%
DFTorinoRicardo Rodriguez
88%
DFFSV Mainz 05Edimilson Fernandes
75%
MFBSC Young BoysChristian Fassnacht
63%
GKMontpellier HSCJonas Omlin
63%
MFBolognaMichel Aebischer
63%
FWRB SalzburgNoah Okafor
63%
FWFC AugsburgRuben Vargas
63%
DFFSV Mainz 05Silvan Widmer
63%
MFFC BaselFabian Frei
50%
GKRB SalzburgPhilipp Kohn
50%
DFValencia CFEray Comert
38%
MFFC LuzernArdon Jashari
13%
MFBSC Young BoysFabian Rieder
13%
DFLuganoRenato Steffen
13%

Score Distribution

Percentile by Number Answered

Percent of People with Each Score

Your Score History

You have not taken this quiz